000 00910cab a2200253 4500
001 ABS60064
008 090401t1999 xxu||||| |||| 00| 0 eng d
035 _a(Sirsi) u91019
041 _aeng
100 _aPotter, S.
245 _aTax and green transport plans
260 _c1999
350 _a0
490 _aTown & Country Planning
_v68(2) February 1999, 48-51(4)
520 _aAnalyses the tax implications of green transport plans for workplaces, which were recommended in the recent Transport White Paper. Argues that the tax treatment of such plans makes them unappealing for employers and their staff, and suggests measures which would address the problems.
650 _aGREEN TRANSPORT PLANS
650 _aTAX REFORM
650 _aTAXES
650 _aTRANSPORT PLANNING
650 _aTRANSPORT SCHEMES
690 _aTRANSPORT AND COMMUNICATIONS
942 _n0
948 _c02/02/1999
999 _c57752
_d57752